|
|
|
|
| LEADER |
00000caa a2200000 c 4500 |
| 001 |
1941008348 |
| 003 |
DE-627 |
| 005 |
20260123123551.0 |
| 007 |
tu |
| 008 |
251112s2024 xx ||||| 00| ||eng c |
| 020 |
|
|
|a 9798765116227
|
| 035 |
|
|
|a (DE-627)1941008348
|
| 035 |
|
|
|a (DE-599)KXP1941008348
|
| 040 |
|
|
|a DE-627
|b ger
|c DE-627
|e rda
|
| 041 |
|
|
|a eng
|
| 084 |
|
|
|a 2,1
|2 ssgn
|
| 100 |
1 |
|
|a Nakhjavani, Seyed Ammar
|e VerfasserIn
|4 aut
|
| 245 |
1 |
4 |
|a The psychology of terrorism
|c Seyed Ammar Nakhjavani
|
| 264 |
|
1 |
|c 2024
|
| 336 |
|
|
|a Text
|b txt
|2 rdacontent
|
| 337 |
|
|
|a ohne Hilfsmittel zu benutzen
|b n
|2 rdamedia
|
| 338 |
|
|
|a Band
|b nc
|2 rdacarrier
|
| 689 |
0 |
0 |
|d s
|0 (DE-588)4059534-1
|0 (DE-627)106143212
|0 (DE-576)209131136
|a Terrorismus
|2 gnd
|
| 689 |
0 |
1 |
|d s
|0 (DE-588)4047704-6
|0 (DE-627)106193821
|0 (DE-576)209074426
|a Psychologie
|2 gnd
|
| 689 |
0 |
2 |
|d s
|0 (DE-588)4121488-2
|0 (DE-627)105769266
|0 (DE-576)20954368X
|a Politische Ordnung
|2 gnd
|
| 689 |
0 |
3 |
|d s
|0 (DE-588)102321377X
|0 (DE-627)717720993
|0 (DE-576)366519220
|a Arabischer Frühling
|2 gnd
|
| 689 |
0 |
4 |
|d s
|0 (DE-588)4027743-4
|0 (DE-627)106283499
|0 (DE-576)20897220X
|a Islam
|2 gnd
|
| 689 |
0 |
5 |
|d s
|0 (DE-588)4137178-1
|0 (DE-627)104458224
|0 (DE-576)209675438
|a Fundamentalismus
|2 gnd
|
| 689 |
0 |
6 |
|d s
|0 (DE-588)4060560-7
|0 (DE-627)106139118
|0 (DE-576)209135743
|a Tradition
|2 gnd
|
| 689 |
0 |
7 |
|d s
|0 (DE-588)4302976-0
|0 (DE-627)12161199X
|0 (DE-576)21105352X
|a Martyrologie
|2 gnd
|
| 689 |
0 |
8 |
|d s
|0 (DE-588)4054423-0
|0 (DE-627)106162845
|0 (DE-576)209108606
|a Suizid
|2 gnd
|
| 689 |
0 |
|
|5 (DE-627)
|
| 773 |
0 |
8 |
|i Enthalten in
|t Terrorism, political violence, and extremism
|b Paperback edition
|d New York : Bloomsbury Academic, 2024
|g (2024), Seite 3-19
|h xiii, 357 Seiten
|w (DE-627)1879526719
|z 9798765116227
|z 9781440851926
|7 nnam
|
| 773 |
1 |
8 |
|g year:2024
|g pages:3-19
|
| 951 |
|
|
|a AR
|
| ELC |
|
|
|b 1
|
| LOK |
|
|
|0 000 xxxxxcx a22 zn 4500
|
| LOK |
|
|
|0 001 4803617554
|
| LOK |
|
|
|0 003 DE-627
|
| LOK |
|
|
|0 004 1941008348
|
| LOK |
|
|
|0 005 20251112145758
|
| LOK |
|
|
|0 008 251112||||||||||||||||ger|||||||
|
| LOK |
|
|
|0 040
|a DE-2619
|c DE-627
|d DE-2619
|
| LOK |
|
|
|0 092
|o n
|
| LOK |
|
|
|0 852
|a DE-2619
|
| LOK |
|
|
|0 852 1
|9 00
|
| LOK |
|
|
|0 939
|a 12-11-25
|b l01
|
| ORI |
|
|
|a SA-MARC-krimdoka001.raw
|
| TIM |
|
|
|a 100020110101_100020261231
|b Arabischer Frühling 2011-
|